[Event "2FoglarVeterans_SIM_A"]
[Site "?"]
[Date "2006.??.??"]
[Round "?"]
[White "Fraser, Fred J."]
[Black "Buczinski, Henryk"]
[Result "1-0"]
[WhiteElo "2340"]
[BlackElo "2322"]
[PlyCount "79"]
[EventDate "2006.??.??"]
[EventType "corr"]
[EventRounds "1"]
[SourceDate "2007.05.16"]
[WhiteTeam "ENG"]
[BlackTeam "POL"]

1. e4 c5 2. Nf3 d6 3. d4 cxd4 4. Nxd4 Nf6 5. Nc3 Nc6 6. Bg5 e6 7. Qd2 Be7 8.
O-O-O Nxd4 9. Qxd4 O-O 10. f4 Qa5 11. Bc4 Bd7 12. Bxf6 Bxf6 13. e5 Be7 14. exd6
Bf6 15. Qd3 Bxc3 16. Qxc3 Qxc3 17. bxc3 Rfc8 18. Rd4 Rc5 19. a4 Ra5 20. Bb3 b5
21. f5 exf5 22. Re1 bxa4 23. Re7 axb3 24. Rxd7 Ra1+ 25. Kb2 bxc2 26. Kxc2 Ra2+
27. Kd3 g6 28. c4 Ra3+ 29. Kc2 Ra2+ 30. Kc3 Ra3+ 31. Kb4 Ra2 32. c5 Rb8+ 33.
Kc3 Ra3+ 34. Kc4 Ra1 35. Rc7 Kf8 36. d7 Rd8 37. Rd2 Re1 38. Rc8 Ke7 39. c6 f4
40. Kb3 1-0

[Event "2FoglarVeterans_SIM_A"]
[Site "?"]
[Date "2006.??.??"]
[Round "?"]
[White "Christiansen, Tonny"]
[Black "Vasile, Constantin"]
[Result "1/2-1/2"]
[WhiteElo "2342"]
[BlackElo "2129"]
[PlyCount "37"]
[EventDate "2006.??.??"]
[EventType "corr"]
[EventRounds "1"]
[SourceDate "2007.05.16"]

1. e4 c5 2. Nf3 Nc6 3. d4 cxd4 4. Nxd4 Nf6 5. Nc3 e6 6. Nxc6 bxc6 7. e5 Nd5 8.
Ne4 Qc7 9. f4 Qb6 10. c4 Ne3 11. Qd3 Bb4+ 12. Bd2 Ba6 13. Bxb4 Qxb4+ 14. Kf2
Qxb2+ 15. Be2 Nxc4 16. Rhd1 Qb6+ 17. Qd4 O-O 18. Nc5 f6 19. Nxd7 1/2-1/2

[Event "2FoglarVeterans_SIM_A"]
[Site "?"]
[Date "2006.??.??"]
[Round "?"]
[White "Woznica, Miroslaw"]
[Black "Kriksciunas, Bronislavas"]
[Result "1/2-1/2"]
[WhiteElo "2330"]
[BlackElo "2307"]
[PlyCount "41"]
[EventDate "2006.??.??"]
[EventType "corr"]
[EventRounds "1"]
[SourceDate "2007.05.16"]

1. e4 c5 2. Nf3 d6 3. d4 cxd4 4. Nxd4 Nf6 5. Nc3 e6 6. Be2 Be7 7. O-O O-O 8. f4
a6 9. Be3 Qc7 10. g4 d5 11. exd5 Nxd5 12. Nxd5 exd5 13. Bf3 Nc6 14. Qd2 Bd7 15.
c3 Rfe8 16. Rad1 Rad8 17. Kh1 Qa5 18. b3 Bf6 19. Ne2 Bh4 20. Nd4 Bf6 21. Ne2
1/2-1/2

[Event "2FoglarVeterans_SIM_A"]
[Site "?"]
[Date "2006.??.??"]
[Round "?"]
[White "Vasile, Constantin"]
[Black "Novak, Vratislav"]
[Result "1/2-1/2"]
[WhiteElo "2129"]
[BlackElo "2287"]
[PlyCount "106"]
[EventDate "2006.??.??"]
[EventType "corr"]
[EventRounds "1"]
[SourceDate "2007.05.16"]

1. d4 d5 2. c4 e6 3. Nc3 Nf6 4. Bg5 Be7 5. cxd5 exd5 6. e3 O-O 7. Bd3 Nbd7 8.
Nf3 c6 9. Qc2 Re8 10. O-O Nf8 11. Rab1 h6 12. Bh4 Ne4 13. Bxe7 Qxe7 14. b4 Ng6
15. b5 Bd7 16. bxc6 Bxc6 17. Qb3 Red8 18. Rfc1 Rac8 19. Rc2 Ng5 20. Nxg5 Qxg5
21. Ne2 Nh4 22. Ng3 f5 23. Qa3 f4 24. exf4 Qxf4 25. Qxa7 Rf8 26. Bf1 Qf6 27.
Qb6 Ng6 28. Rb3 Nf4 29. Rf3 Rce8 30. Qb4 Qg6 31. Rcc3 Re1 32. a4 Qb1 33. Qxb1
Rxb1 34. a5 Ne6 35. Rxf8+ Kxf8 36. Ne2 Ke7 37. f4 Kd6 38. f5 Bb5 39. Rc1 Rxc1
40. Nxc1 Nxd4 41. Bxb5 Nxb5 42. Nb3 d4 43. Kf2 Kd5 44. Ke2 Kc4 45. Nd2+ Kc3 46.
g4 Kc2 47. Nf3 d3+ 48. Ke3 Kc3 49. h4 Nd6 50. Kf4 Nf7 51. Ke4 d2 52. Nxd2 Kxd2
53. Kd5 Kc3 1/2-1/2

[Event "2FoglarVeterans_SIM_A"]
[Site "?"]
[Date "2006.??.??"]
[Round "?"]
[White "Novak, Vratislav"]
[Black "Majstr, Jiri"]
[Result "1/2-1/2"]
[WhiteElo "2287"]
[BlackElo "2356"]
[PlyCount "63"]
[EventDate "2006.??.??"]
[EventType "corr"]
[EventRounds "1"]
[SourceDate "2007.05.16"]

1. e4 c5 2. b3 Nc6 3. Bb2 d6 4. Nf3 e6 5. d4 cxd4 6. Nxd4 Bd7 7. Be2 Nf6 8. Nc3
a6 9. O-O Be7 10. Qd3 O-O 11. Rad1 Rc8 12. a3 Qc7 13. Nxc6 Bxc6 14. Qe3 d5 15.
exd5 exd5 16. Bd3 Bd6 17. Qh3 h6 18. Ne2 Bd7 19. Qh4 Ng4 20. Nc3 Be7 21. Qh5
Nf6 22. Qh4 Rfe8 23. Rfe1 Kf8 24. b4 b5 25. g3 Qb6 26. Qf4 Bd6 27. Qd2 Kg8 28.
Nb1 Bc7 29. Bd4 Qc6 30. Qc3 Ne4 31. Qxc6 Bxc6 32. Nd2 1/2-1/2

[Event "2FoglarVeterans_SIM_A"]
[Site "?"]
[Date "2006.??.??"]
[Round "?"]
[White "Novak, Vratislav"]
[Black "Woznica, Miroslaw"]
[Result "1-0"]
[WhiteElo "2287"]
[BlackElo "2330"]
[PlyCount "83"]
[EventDate "2006.??.??"]
[EventType "corr"]
[EventRounds "1"]
[SourceDate "2007.05.16"]

1. e4 e5 2. Nf3 Nc6 3. Bb5 a6 4. Ba4 Nf6 5. O-O Bc5 6. c3 Ng4 7. d4 Ba7 8. h3
h5 9. Na3 Qf6 10. Nc2 b5 11. Bb3 exd4 12. cxd4 Qg6 13. Nh4 Qh7 14. Qf3 f6 15.
Bd5 Bb7 16. Qc3 g5 17. Nf3 Bb6 18. a4 Nh6 19. axb5 axb5 20. Rxa8+ Bxa8 21. Re1
g4 22. Nh4 gxh3 23. Qxh3 Kd8 24. Qd3 Bb7 25. Qxb5 Re8 26. Bf4 Ng8 27. Nf5 Na7
28. Qc4 Bxd5 29. Qxd5 Ne7 30. Qa8+ Nac8 31. Nce3 Nxf5 32. Nxf5 Qxf5 33. exf5
Rxe1+ 34. Kh2 Re8 35. Be3 Ba7 36. b4 c6 37. Kh3 Bb6 38. Qa2 Nd6 39. Bf4 Bc7 40.
d5 Re1 41. g3 cxd5 42. Qd2 1-0

[Event "2FoglarVeterans_SIM_A"]
[Site "?"]
[Date "2006.??.??"]
[Round "?"]
[White "Woznica, Miroslaw"]
[Black "Christiansen, Tonny"]
[Result "0-1"]
[WhiteElo "2330"]
[BlackElo "2342"]
[PlyCount "104"]
[EventDate "2006.??.??"]
[EventType "corr"]
[EventRounds "1"]
[SourceDate "2007.05.16"]

1. e4 c5 2. Nf3 Nc6 3. d4 cxd4 4. Nxd4 Nf6 5. Nc3 e5 6. Ndb5 d6 7. Nd5 Nxd5 8.
exd5 Nb8 9. c4 Be7 10. Be2 a6 11. Nc3 O-O 12. O-O Nd7 13. Kh1 f5 14. f4 Bf6 15.
Qc2 exf4 16. Bxf4 Ne5 17. Be3 Bd7 18. Qb3 Ng6 19. Bb6 Qe7 20. Bd3 Be5 21. Rae1
Rae8 22. Ne2 Qh4 23. Bg1 f4 24. Bxg6 hxg6 25. Nd4 Bxd4 26. Rxe8 Bxe8 27. Bxd4
f3 28. Bf2 Qe4 29. Kg1 fxg2 30. Re1 Qf4 31. Qc2 Bd7 32. Re4 Qf6 33. Qe2 b5 34.
b3 Bh3 35. Qe1 g5 36. cxb5 axb5 37. Re3 Qf5 38. a4 bxa4 39. bxa4 g4 40. a5 Qxd5
41. Qe2 Qxa5 42. Rxh3 gxh3 43. Qe6+ Kh7 44. Qxh3+ Kg6 45. Qg3+ Qg5 46. Qd3+ Qf5
47. Qxd6+ Rf6 48. Qd4 Qf3 49. Qe3 Qxe3 50. Bxe3 Ra6 51. Kxg2 Kf5 52. Bf2 Ra2
0-1

[Event "2FoglarVeterans_SIM_A"]
[Site "?"]
[Date "2006.??.??"]
[Round "?"]
[White "Vasile, Constantin"]
[Black "Woznica, Miroslaw"]
[Result "1-0"]
[WhiteElo "2129"]
[BlackElo "2330"]
[PlyCount "123"]
[EventDate "2006.??.??"]
[EventType "corr"]
[EventRounds "1"]
[SourceDate "2007.05.16"]

1. d4 d5 2. c4 c6 3. Nf3 Nf6 4. cxd5 cxd5 5. Nc3 Nc6 6. Bf4 Bf5 7. e3 e6 8. Qb3
Bb4 9. a3 Bxc3+ 10. bxc3 O-O 11. Be2 b6 12. O-O Ne4 13. Rfc1 Na5 14. Qa2 g5 15.
Bg3 h5 16. h4 g4 17. Ne5 Nxg3 18. fxg3 Qd6 19. Kh2 Rac8 20. Nd3 Bxd3 21. Bxd3
Rc7 22. Rab1 f5 23. Rb4 Kh8 24. Qd2 Kh7 25. Ba6 Nc6 26. Ra4 Nb8 27. Bd3 Rfc8
28. Qb2 a5 29. Bb5 Nd7 30. c4 Kg6 31. c5 bxc5 32. Rxa5 c4 33. a4 Nf6 34. Ra6
Qe7 35. Qf2 Ra7 36. Rb6 Rb7 37. Ra6 Ra7 38. Rb6 Kf7 39. Rf1 Rb7 40. Ra6 c3 41.
Bd3 Rbc7 42. Bxf5 exf5 43. Qxf5 Rc6 44. Ra7 R6c7 45. Qxd5+ Ke8 46. Qb5+ Qd7 47.
Rxc7 Rxc7 48. Qg5 Qg7 49. Qxg7 Rxg7 50. Rxf6 Kd7 51. a5 Re7 52. a6 Kc7 53. Rf5
Kb6 54. Rc5 Rxe3 55. Rxh5 Kxa6 56. Rc5 Rd3 57. Kg1 Kb7 58. Kf2 Kb6 59. h5 Rxd4
60. Rxc3 Rd2+ 61. Ke3 Rd5 62. Kf4 1-0

[Event "2FoglarVeterans_SIM_A"]
[Site "?"]
[Date "2006.??.??"]
[Round "?"]
[White "Kriksciunas, Bronislavas"]
[Black "Novak, Vratislav"]
[Result "1/2-1/2"]
[WhiteElo "2303"]
[BlackElo "2287"]
[PlyCount "56"]
[EventDate "2006.??.??"]
[EventType "corr"]
[EventRounds "1"]
[SourceDate "2007.05.16"]

1. d4 Nf6 2. c4 e6 3. Nf3 d5 4. Nc3 c6 5. e3 Nbd7 6. Bd3 dxc4 7. Bxc4 b5 8. Bd3
Bb7 9. O-O a6 10. e4 c5 11. d5 c4 12. dxe6 fxe6 13. Bc2 Bc5 14. e5 Bxf3 15.
Qxf3 Nxe5 16. Qe2 Nd3 17. Bxd3 cxd3 18. Qxe6+ Qe7 19. Qc6+ Kf7 20. Bg5 Rhd8 21.
Bxf6 gxf6 22. Rad1 Qe5 23. Rxd3 Rxd3 24. Qxa8 Rd2 25. Ne4 Bd6 26. Ng3 Rxb2 27.
Qh8 h5 28. Qh7+ Kf8 1/2-1/2

[Event "2FoglarVeterans_SIM_A"]
[Site "?"]
[Date "2006.??.??"]
[Round "?"]
[White "Christiansen, Tonny"]
[Black "Fraser, Fred J."]
[Result "1/2-1/2"]
[WhiteElo "2342"]
[BlackElo "2340"]
[PlyCount "45"]
[EventDate "2006.??.??"]
[EventType "corr"]
[EventRounds "1"]
[SourceDate "2007.05.16"]

1. e4 d6 2. d4 Nf6 3. Nc3 g6 4. Nf3 Bg7 5. Be2 O-O 6. O-O c6 7. a4 Nbd7 8. a5
Qc7 9. Bg5 e5 10. Qd2 exd4 11. Nxd4 Re8 12. f3 d5 13. exd5 Nxd5 14. Nxd5 cxd5
15. c3 Ne5 16. Rfe1 Bd7 17. Bf4 Rac8 18. Bh6 Nc4 19. Bxc4 dxc4 20. Bxg7 Kxg7
21. Nc2 Qc5+ 22. Kf1 Qf5 23. Nd4 1/2-1/2

[Event "2FoglarVeterans_SIM_A"]
[Site "?"]
[Date "2006.??.??"]
[Round "?"]
[White "Vasile, Constantin"]
[Black "Majstr, Jiri"]
[Result "1-0"]
[WhiteElo "2129"]
[BlackElo "2356"]
[PlyCount "115"]
[EventDate "2006.??.??"]
[EventType "corr"]
[EventRounds "1"]
[SourceDate "2007.05.16"]

1. d4 Nf6 2. c4 e6 3. Nf3 b6 4. g3 Ba6 5. Qa4 Bb7 6. Bg2 c5 7. O-O cxd4 8. Nxd4
Bxg2 9. Kxg2 Qc7 10. Nc3 Be7 11. f3 a6 12. e4 O-O 13. Bf4 d6 14. Ndb5 Qc5 15.
Rad1 Ne8 16. Rfe1 Nd7 17. Nxd6 b5 18. Ncxb5 Nb6 19. Qa3 Qh5 20. g4 Qh4 21. Bg3
Qg5 22. h4 Qh6 23. Nc7 Nxc7 24. Qc5 Nc8 25. Qxc7 Bxd6 26. Bxd6 Nxd6 27. Qxd6
Qxh4 28. Rh1 Qf6 29. e5 Qg5 30. Qd3 h6 31. Rh5 Qe7 32. Qd6 Qd8 33. Qxd8 Rfxd8
34. Rhh1 a5 35. b3 Rdb8 36. Rd3 a4 37. Rc1 axb3 38. axb3 Ra3 39. Rcc3 Kf8 40.
c5 Ra7 41. Rc4 Ke7 42. b4 f6 43. exf6+ gxf6 44. Kg3 Rab7 45. Rb3 Rb5 46. Kh4
R8b7 47. Kh5 Kf7 48. f4 Rb8 49. f5 Ke7 50. fxe6 Kxe6 51. Re3+ Kf7 52. Rd4 R8b7
53. Ree4 Kg7 54. Rf4 Re7 55. Rd6 Re5+ 56. Rf5 Rxb4 57. c6 Re2 58. Rd7+ 1-0

[Event "2FoglarVeterans_SIM_A"]
[Site "?"]
[Date "2006.??.??"]
[Round "?"]
[White "Christiansen, Tonny"]
[Black "Novak, Vratislav"]
[Result "1/2-1/2"]
[WhiteElo "2342"]
[BlackElo "2287"]
[PlyCount "99"]
[EventDate "2006.??.??"]
[EventType "corr"]
[EventRounds "1"]
[SourceDate "2007.05.16"]

1. e4 c5 2. Nf3 d6 3. d4 cxd4 4. Nxd4 Nf6 5. Nc3 a6 6. Be2 e5 7. Nb3 Be7 8. O-O
O-O 9. Be3 Be6 10. Nd5 Nxd5 11. exd5 Bc8 12. c4 Nd7 13. f4 Bf6 14. fxe5 Bxe5
15. Qd2 Re8 16. Rae1 Nf6 17. Bd3 b5 18. Nd4 bxc4 19. Nc6 Qc7 20. Bxc4 Bb7 21.
Nxe5 dxe5 22. Bb3 Qd6 23. Qa5 Rac8 24. Rd1 Red8 25. Bg5 Rc5 26. Qe1 Bxd5 27.
Qh4 Qe7 28. Bxf6 gxf6 29. Qxf6 Qxf6 30. Rxf6 a5 31. Rf3 a4 32. Rg3+ Kf8 33.
Bxa4 Rb8 34. b3 Be4 35. Re3 f5 36. Re2 Ke7 37. Rd7+ Kf6 38. Kf2 h5 39. Rd6+ Kg5
40. Bd7 Ba8 41. Be6 e4 42. g3 Rc3 43. Bf7 f4 44. h4+ Kf5 45. gxf4 Rf8 46. Bg6+
Kxf4 47. Re6 Rf3+ 48. Ke1 e3 49. Kd1 Bd5 50. Re7 1/2-1/2

[Event "2FoglarVeterans_SIM_A"]
[Site "?"]
[Date "2006.??.??"]
[Round "?"]
[White "Kriksciunas, Bronislavas"]
[Black "Fraser, Fred J."]
[Result "1-0"]
[WhiteElo "2307"]
[BlackElo "2340"]
[PlyCount "43"]
[EventDate "2006.??.??"]
[EventType "corr"]
[EventRounds "1"]
[SourceDate "2007.05.16"]

1. c4 e5 2. Nc3 Bb4 3. Nd5 Bd6 4. d4 c6 5. dxe5 Bxe5 6. Nf3 d6 7. Ne3 Qe7 8.
Qc2 Na6 9. Nxe5 dxe5 10. g3 Nh6 11. Bg2 O-O 12. O-O Nc7 13. Qc3 f5 14. Nc2 f4
15. b3 a5 16. Ba3 c5 17. Bb2 Rf5 18. Rad1 Nf7 19. Ne1 a4 20. gxf4 axb3 21. axb3
exf4 22. Qxg7# 1-0

[Event "2FoglarVeterans_SIM_A"]
[Site "?"]
[Date "2006.??.??"]
[Round "?"]
[White "Kriksciunas, Bronislavas"]
[Black "Vasile, Constantin"]
[Result "1/2-1/2"]
[WhiteElo "2307"]
[BlackElo "2129"]
[PlyCount "108"]
[EventDate "2006.??.??"]
[EventType "corr"]
[EventRounds "1"]
[SourceDate "2007.05.16"]

1. d4 Nf6 2. c4 g6 3. Nc3 Bg7 4. e4 d6 5. Nf3 O-O 6. Be2 e5 7. O-O Nc6 8. d5
Ne7 9. Nd2 a5 10. a3 Nd7 11. Rb1 f5 12. b4 Kh8 13. Qc2 axb4 14. axb4 Nf6 15. f3
c6 16. Kh1 Nh5 17. Nb3 cxd5 18. cxd5 fxe4 19. fxe4 Rxf1+ 20. Bxf1 Ng8 21. Na5
Nh6 22. Qf2 Ng4 23. Qe1 Bf6 24. g3 Qf8 25. Kg1 Bd8 26. Nc4 Bd7 27. b5 Kg7 28.
Be2 Nhf6 29. Kg2 Nh6 30. Qf2 Nf7 31. Bd2 h6 32. h3 Ng5 33. g4 Qe7 34. Bxg5 hxg5
35. Qe3 Ng8 36. b6 Qf8 37. Rf1 Bf6 38. Rf3 Qe7 39. Qc1 Be8 40. Qb2 Qd8 41. Qb4
Be7 42. Na5 Qc8 43. Nc6 Bxc6 44. dxc6 Qxc6 45. Nd5 Qc2 46. Qc4 Rc8 47. Nc7 Qxc4
48. Bxc4 Nf6 49. Be6 Rf8 50. Bd5 Nxd5 51. Nxd5 Rxf3 52. Kxf3 Kf7 53. Ke3 Bd8
54. Kd3 Ke6 1/2-1/2

[Event "2FoglarVeterans_SIM_A"]
[Site "?"]
[Date "2006.??.??"]
[Round "?"]
[White "Kriksciunas, Bronislavas"]
[Black "Christiansen, Tonny"]
[Result "1/2-1/2"]
[WhiteElo "2307"]
[BlackElo "2342"]
[PlyCount "57"]
[EventDate "2006.??.??"]
[EventType "corr"]
[EventRounds "1"]
[SourceDate "2007.05.16"]

1. d4 d5 2. c4 c6 3. Nf3 Nf6 4. Nc3 e6 5. e3 Nbd7 6. Bd3 Bd6 7. e4 dxe4 8. Nxe4
Nxe4 9. Bxe4 e5 10. O-O exd4 11. Bg5 Nf6 12. Qxd4 Be7 13. Qe5 Be6 14. Bf5 Bxf5
15. Qxf5 O-O 16. Rfe1 Re8 17. Rad1 Qc8 18. Qa5 b6 19. Qa4 Qc7 20. h3 Rac8 21.
Qc2 Rcd8 22. Nd4 h6 23. Bh4 Qc8 24. Qa4 c5 25. Nf3 Rxd1 26. Rxd1 a6 27. Re1 g5
28. Bg3 Bf8 29. Be5 1/2-1/2

[Event "2FoglarVeterans_SIM_A"]
[Site "?"]
[Date "2006.??.??"]
[Round "?"]
[White "Majstr, Jiri"]
[Black "Woznica, Miroslaw"]
[Result "0-1"]
[WhiteElo "2356"]
[BlackElo "2330"]
[PlyCount "88"]
[EventDate "2006.??.??"]
[EventType "corr"]
[EventRounds "1"]
[SourceDate "2007.05.16"]

1. e4 e5 2. Nf3 Nc6 3. d4 exd4 4. Nxd4 Nf6 5. Nxc6 bxc6 6. e5 Qe7 7. Qe2 Nd5 8.
c4 Ba6 9. b3 Qh4 10. a3 Bc5 11. Qf3 Nb6 12. Bb2 O-O 13. Nd2 f6 14. Qg3 Qxg3 15.
hxg3 fxe5 16. Ne4 Be7 17. c5 Bxf1 18. Kxf1 Nd5 19. Bxe5 Rfb8 20. Rb1 Rb5 21.
Rh3 Bxc5 22. a4 Ra5 23. Bb2 Re8 24. Rh4 Be7 25. Rg4 Bf8 26. Rd1 h5 27. Rh4 g6
28. Rxd5 cxd5 29. Nf6+ Kf7 30. Rf4 Be7 31. b4 Rxa4 32. Nxd5+ Kg8 33. Re4 a5 34.
g4 hxg4 35. Bc3 c6 36. Nc7 Rc8 37. Rxe7 Rxc7 38. bxa5 Kf8 39. Rh7 Rb7 40. Rh8+
Kf7 41. Rh7+ Ke6 42. Rg7 Rb3 43. Bd2 Rb1+ 44. Ke2 Rb2 0-1

[Event "2FoglarVeterans_SIM_A"]
[Site "?"]
[Date "2006.??.??"]
[Round "?"]
[White "Janos, Jozef"]
[Black "Christiansen, Tonny"]
[Result "1/2-1/2"]
[WhiteElo "2395"]
[BlackElo "2342"]
[PlyCount "55"]
[EventDate "2006.??.??"]
[EventType "corr"]
[EventRounds "1"]
[SourceDate "2007.05.16"]

1. Nf3 Nf6 2. d4 d5 3. c4 e6 4. Nc3 c6 5. Bg5 Nbd7 6. e3 Qa5 7. Nd2 Bb4 8. Qc2
O-O 9. Be2 dxc4 10. Bxf6 Nxf6 11. Nxc4 Bxc3+ 12. bxc3 Qc7 13. O-O b6 14. Ne5
Bb7 15. Bd3 Rac8 16. Rac1 c5 17. Qb1 Kh8 18. Rfd1 Nd7 19. Nxd7 Qxd7 20. f3 Qe7
21. Qb2 Rc7 22. Be4 Bxe4 23. fxe4 Qh4 24. Qb1 Qg5 25. Qd3 Kg8 26. a4 Rfc8 27.
e5 cxd4 28. exd4 1/2-1/2

[Event "2FoglarVeterans_SIM_A"]
[Site "?"]
[Date "2006.??.??"]
[Round "1"]
[White "Janos, Jozef"]
[Black "Majstr, Jiri"]
[Result "1-0"]
[WhiteElo "2395"]
[BlackElo "2356"]
[PlyCount "57"]
[EventDate "2006.??.??"]
[EventType "corr"]
[EventRounds "1"]
[SourceDate "2007.05.16"]

1. d4 Nf6 2. Nf3 d5 3. c4 e6 4. Nc3 c6 5. e3 Nbd7 6. Qc2 Bd6 7. Be2 O-O 8. O-O
dxc4 9. Bxc4 a6 10. Rd1 b5 11. Be2 Qc7 12. e4 e5 13. g3 Re8 14. a3 h6 15. b4 a5
16. bxa5 Rxa5 17. Bb2 exd4 18. Nxd4 Nb6 19. f4 Bc5 20. e5 Rd8 21. exf6 Rxd4 22.
Kh1 Rxd1+ 23. Rxd1 g6 24. Ne4 Bxa3 25. Be5 Qa7 26. Rd8+ Kh7 27. g4 Be6 28. f5
gxf5 29. Qd2 1-0

[Event "2FoglarVeterans_SIM_A"]
[Site "?"]
[Date "2006.??.??"]
[Round "?"]
[White "Novak, Vratislav"]
[Black "Fraser, Fred J."]
[Result "1/2-1/2"]
[WhiteElo "2287"]
[BlackElo "2340"]
[PlyCount "64"]
[EventDate "2006.??.??"]
[EventType "corr"]
[EventRounds "1"]
[SourceDate "2007.05.16"]

1. e4 d6 2. d4 Nf6 3. Nc3 g6 4. f4 Bg7 5. Nf3 c5 6. Bb5+ Bd7 7. e5 Ng4 8. Bxd7+
Qxd7 9. d5 dxe5 10. h3 e4 11. Nxe4 Nf6 12. Nxf6+ Bxf6 13. O-O Qd6 14. Be3 O-O
15. Ng5 Nd7 16. Ne4 Qb6 17. Nxf6+ exf6 18. Qd3 Rfe8 19. c4 f5 20. b3 Qd6 21.
Bc1 Re4 22. Bb2 Rae8 23. Qc3 f6 24. Rae1 a6 25. Rxe4 Rxe4 26. Bc1 b5 27. Re1
Qe7 28. Rxe4 Qxe4 29. Kf2 bxc4 30. Qxc4 Nb6 31. Qxc5 Nxd5 32. Kg1 Kf7 1/2-1/2

[Event "2FoglarVeterans_SIM_A"]
[Site "?"]
[Date "2006.??.??"]
[Round "?"]
[White "Vasile, Constantin"]
[Black "Fraser, Fred J."]
[Result "1-0"]
[WhiteElo "2340"]
[BlackElo "2129"]
[PlyCount "75"]
[EventDate "2006.??.??"]
[EventType "corr"]
[EventRounds "1"]
[SourceDate "2007.05.16"]

1. d4 Nf6 2. c4 e6 3. Nf3 b6 4. g3 Bb7 5. Bg2 Be7 6. O-O O-O 7. Nc3 Ne4 8. Qc2
Nxc3 9. Qxc3 c5 10. Rd1 d6 11. Qc2 Nc6 12. d5 Nb4 13. Qb3 exd5 14. cxd5 Bf6 15.
a3 Na6 16. Bf4 Nc7 17. Nd2 Qe7 18. Nc4 Rad8 19. e4 Ba6 20. Rab1 h6 21. Qc2 Rfe8
22. b4 Bxc4 23. Qxc4 b5 24. Qe2 c4 25. Be3 Qd7 26. f4 Na8 27. a4 bxa4 28. Qxc4
Nb6 29. Qa2 Rc8 30. b5 Rc3 31. Bxb6 axb6 32. Qxa4 Rec8 33. Rd2 R8c4 34. Qd1 Qc8
35. Qe2 Qc5+ 36. Kh1 Rc2 37. Rxc2 Rxc2 38. Qd3 1-0

[Event "2FoglarVeterans_SIM_A"]
[Site "?"]
[Date "2006.??.??"]
[Round "?"]
[White "Woznica, Miroslaw"]
[Black "Janos, Jozef"]
[Result "1/2-1/2"]
[WhiteElo "2330"]
[BlackElo "2395"]
[PlyCount "75"]
[EventDate "2006.??.??"]
[EventType "corr"]
[EventRounds "1"]
[SourceDate "2007.05.16"]

1. e4 c5 2. Nf3 d6 3. d4 cxd4 4. Nxd4 Nf6 5. Nc3 a6 6. Be3 e5 7. Nb3 Be6 8. f3
h5 9. Qd2 Nbd7 10. O-O-O Be7 11. Kb1 Rc8 12. Nd5 Bxd5 13. exd5 Nb6 14. Bxb6
Qxb6 15. g3 O-O 16. Bh3 Rc7 17. Rhe1 Re8 18. f4 e4 19. c3 Bd8 20. Qe2 Rce7 21.
Bg2 Qc7 22. Bh3 Qb6 23. Qc2 g6 24. Re2 a5 25. c4 a4 26. Nd4 a3 27. f5 g5 28.
Qc3 g4 29. Bf1 axb2 30. Rxb2 Qa5 31. Qe3 Rd7 32. Be2 Qc5 33. Qh6 e3 34. Qg5+
Kh7 35. Rb5 Qa7 36. Rb3 Rg8 37. Qf4 Re8 38. Bd3 1/2-1/2

[Event "2FoglarVeterans_SIM_A"]
[Site "?"]
[Date "2006.??.??"]
[Round "?"]
[White "Fraser, Fred J."]
[Black "Woznica, Miroslaw"]
[Result "1/2-1/2"]
[WhiteElo "2340"]
[BlackElo "2330"]
[PlyCount "83"]
[EventDate "2006.??.??"]
[EventType "corr"]
[EventRounds "1"]
[SourceDate "2007.05.16"]

1. e4 e5 2. f4 exf4 3. Nf3 Be7 4. Bc4 Nf6 5. e5 Ng4 6. d4 d5 7. exd6 Qxd6 8.
O-O O-O 9. Nc3 Qh6 10. g3 g5 11. gxf4 gxf4 12. Kh1 Nc6 13. Qe2 Bd6 14. Ne5 Nxd4
15. Nxg4 Qg7 16. Rg1 Nxe2 17. Nf6+ Kh8 18. Rxg7 Kxg7 19. Nh5+ Kh8 20. Bxe2 Bf5
21. Bd3 Bxd3 22. cxd3 f3 23. Bd2 Be5 24. Rf1 Rae8 25. Rxf3 Re6 26. Ng3 Rb6 27.
b3 Ra6 28. Kg2 Rc6 29. Nce4 Rc2 30. Rf2 Rd8 31. Be3 Rxf2+ 32. Nxf2 Bd4 33. Bf4
Bxf2 34. Kxf2 Rxd3 35. Ne4 Kg7 36. Nc5 Rd5 37. Nxb7 Rb5 38. Nd8 a5 39. Bd2 Rh5
40. Kg2 Rc5 41. Kf1 Rc2 42. Bxa5 1/2-1/2

[Event "2FoglarVeterans_SIM_A"]
[Site "?"]
[Date "2006.??.??"]
[Round "?"]
[White "Kriksciunas, Bronislavas"]
[Black "Majstr, Jiri"]
[Result "1-0"]
[WhiteElo "2307"]
[BlackElo "2356"]
[PlyCount "57"]
[EventDate "2006.??.??"]
[EventType "corr"]
[EventRounds "1"]
[SourceDate "2007.05.16"]

1. d4 Nf6 2. c4 g6 3. Nc3 Bg7 4. e4 d6 5. Nf3 O-O 6. Be2 e5 7. O-O Nbd7 8. Be3
c6 9. d5 c5 10. Ne1 Ne8 11. Nd3 f5 12. f4 fxe4 13. Nxe4 exf4 14. Rxf4 Ndf6 15.
Ndf2 Nxe4 16. Rxf8+ Kxf8 17. Nxe4 Bxb2 18. Rb1 Be5 19. Bd3 Kg8 20. Bg5 Qc7 21.
g4 Qd7 22. h3 h5 23. Nf2 Qf7 24. Qe2 Nf6 25. Rf1 Qg7 26. Qd2 hxg4 27. Bh6 Qxh6
28. Qxh6 Bd4 29. Re1 1-0

[Event "2FoglarVeterans_SIM_A"]
[Site "?"]
[Date "2006.??.??"]
[Round "?"]
[White "Janos, Jozef"]
[Black "Novak, Vratislav"]
[Result "1/2-1/2"]
[WhiteElo "2395"]
[BlackElo "2287"]
[PlyCount "85"]
[EventDate "2006.??.??"]
[EventType "corr"]
[EventRounds "1"]
[SourceDate "2007.05.16"]

1. e4 e5 2. Nf3 Nc6 3. Bb5 a6 4. Ba4 Nf6 5. O-O Be7 6. Re1 b5 7. Bb3 d6 8. c3
O-O 9. h3 Bb7 10. d4 Re8 11. Nbd2 Bf8 12. a4 Na5 13. Ba2 c5 14. d5 c4 15. b4
cxb3 16. Nxb3 Nc4 17. Nbd2 Nb6 18. axb5 axb5 19. Qb3 Qd7 20. Ba3 Nh5 21. Bb4
Ra4 22. Rad1 Rea8 23. Bb1 Nf4 24. Nf1 Qe7 25. Kh2 Qf6 26. Ng1 Bc8 27. Ne3 Qh6
28. Nf5 Bxf5 29. exf5 Nc4 30. g3 Nh5 31. Nf3 Nf6 32. Re2 Ra1 33. Kg2 Qh5 34.
Ree1 Re8 35. g4 Nxg4 36. Re4 Nh6 37. Rh4 Rxb1 38. Qxb1 Qxf5 39. Qxf5 Nxf5 40.
Re4 Ra8 41. Ree1 Ne7 42. Kf1 Ra2 43. Re2 1/2-1/2

[Event "2FoglarVeterans_SIM_A"]
[Site "?"]
[Date "2006.??.??"]
[Round "7"]
[White "Janos, Jozef"]
[Black "Vasile, Constantin"]
[Result "1/2-1/2"]
[WhiteElo "2395"]
[BlackElo "2129"]
[PlyCount "165"]
[EventDate "2006.??.??"]
[EventType "corr"]
[EventRounds "1"]
[SourceDate "2007.05.16"]

1. e4 c5 2. Nf3 Nc6 3. d4 cxd4 4. Nxd4 Nf6 5. Nc3 e6 6. Ndb5 Bb4 7. a3 Bxc3+ 8.
Nxc3 d5 9. Bd3 d4 10. Ne2 e5 11. O-O O-O 12. h3 Be6 13. Ng3 Nd7 14. f4 exf4 15.
Rxf4 f6 16. Qh5 Qe8 17. Qe2 Nde5 18. Bd2 Qd8 19. Nf5 Qb6 20. b4 a6 21. Raf1 Qc7
22. R4f2 b5 23. Qh5 Qf7 24. Qh4 Bxf5 25. Rxf5 Ne7 26. R5f2 Rac8 27. Qg3 Qg6 28.
Qh4 Rfd8 29. g4 h6 30. Qg3 N7c6 31. Rg2 Rd7 32. Bf4 Rf8 33. h4 Re7 34. Rff2 Re6
35. Qh3 Re7 36. g5 fxg5 37. hxg5 h5 38. Bxe5 Rxf2 39. Rxf2 Nxe5 40. Rf5 Qe8 41.
Qg3 Re6 42. Qf4 Qe7 43. g6 h4 44. Kh1 Nxg6 45. Qb8+ Nf8 46. a4 g6 47. Rf3 Rf6
48. Rxf6 Qxf6 49. axb5 Qf3+ 50. Kh2 Qf2+ 51. Kh1 h3 52. Qh2 Qf3+ 53. Kg1 Qe3+
54. Kh1 axb5 55. Qg1 Kf7 56. Qf1+ Kg7 57. Kh2 Qd2+ 58. Kxh3 Ne6 59. Kg3 Qxb4
60. Bxb5 Qd6+ 61. Kg2 Qe5 62. Bd3 Qg5+ 63. Kh2 Nf4 64. Qf2 Qe5 65. Qg3 g5 66.
Kh1 Kh6 67. Qg4 Qa5 68. Qd1 Kg6 69. Kg1 Qb4 70. Kf1 Qf8 71. Qf3 Kg7 72. Kg1 Qf6
73. Qg4 Kh6 74. Kh1 Qf7 75. Kg1 Qh5 76. Qxh5+ Kxh5 77. Bc4 Kg4 78. Bf7 Kf3 79.
e5 Ke4 80. e6 Nd5 81. Kh2 Kf5 82. Kg3 Kf6 83. Kf3 1/2-1/2